Harry Potter and the Chamber of Secrets - All Chapters - Statistics

General Stats
  • This quiz has been taken 48 times
  • The average score is 13 of 18
Answer Stats
Hint Answer % Correct
16 The Chamber of Secrets
90%
6 Gilderoy Lockhart
81%
3 The Burrow
81%
1 The Worst Birthday
81%
18 Dobby's Reward
76%
2 Dobby's Warning
71%
11 The Duelling Club
71%
17 The Heir of Slytherin
71%
9 The Writing on the Wall
71%
15 Aragog
67%
12 Polyjuice Potion
67%
8 The Deathday Party
67%
10 The Rogue Bludger
67%
13 The Very Secret Diary
67%
5 The Whomping Willow
67%
7 Mudbloods and Murmurs
62%
4 At Flourish and Blotts
57%
14 Cornelius Fudge
57%
No matching quizzes found
Score Distribution
Percent of People with Each Score
Percentile by Number Answered
Your Score History
You have not taken this quiz